[Event "FIDE-Wch k.o."]
[Site "Las Vegas"]
[Date "1999.08.03"]
[Round "2.1"]
[White "Yermolinsky, Alex"]
[Black "Rublevsky, Sergei"]
[Result "1/2-1/2"]
[WhiteElo "2588"]
[BlackElo "2660"]
[Annotator "Ribli,Z"]
[PlyCount "88"]
[EventDate "1999.07.31"]
[EventType "k.o."]
[EventRounds "7"]
[EventCountry "USA"]
[SourceTitle "CBM 072"]
[Source "ChessBase"]
[SourceDate "1999.10.01"]
[SourceVersion "1"]
[SourceVersionDate "1999.10.01"]
[SourceQuality "1"]

{[%mdl 4100]} 1. c4 e5 2. Nc3 Nf6 3. Nf3 Nc6 4. d4 {Eine in der letzten Zeit
wieder populäre Fortsetzung, aber die Alternative 4.g3 wird häufiger gespielt.
Ribli.} exd4 5. Nxd4 Bb4 (5... Bc5 $5 {Ribli} 6. Nxc6 bxc6 7. e3 O-O 8. Be2 d5
9. O-O Be6 10. b3 Bd6 11. cxd5 cxd5 12. Bb2 c6 13. Rc1 Qe7 {1/2-1/2 Lalic,
B-Kacheishvili,G/Berliner Sommer 1996 (31)}) 6. Bg5 O-O (6... h6 7. Bh4 Bxc3+
8. bxc3 Ne5 {Das ist die andere prinzipielle Variante für Schwarz.}) 7. Rc1 h6
8. Bh4 Re8 9. e3 (9. Nxc6 bxc6 10. e3 Rb8 $1 11. Bd3 Bxc3+ 12. bxc3 c5 $1 13.
O-O Bb7 14. Rb1 {1-0 Salov,V-Beliavsky,A/Madrid 1997/Inf 69/[Salov,Va] (51)})
9... Nxd4 {Das ist Kortchnojs Neuerung aus dem Jahr 1996. Der schweizerische
Grossmeister spielte diese Fortsetzung gegen Gelfand in Groningen 1996.} (9...
Ne5 10. Ndb5 g5 11. Bg3 a6 12. a3 Bf8 13. Nd4 d5 14. Bxe5 Rxe5 15. Nf3 Bg4 16.
cxd5 Bd6 17. Be2 {1-0 Kohlweyer,B-Raetsky,A/Geneva 1999/CBM 68 ext (86)}) (9...
g5 $5 10. Bg3 Ne4 {[%csl Ge4]} 11. Nde2 $2 (11. Nxc6 bxc6 12. Bd3 Bxc3+ 13.
bxc3 d6 $11) 11... Qf6 {[%csl Gf6]} 12. a3 Ba5 {[%csl Re1]} 13. b4 Nxb4 $1 {[#]
} 14. axb4 Bxb4 $44 {[%csl Gb4,Re1,Ge4,Gf6][%cal Rb4e1] 0-1 Claesen,P-Bacrot,E/
Escaldes 1998/CBM 68/[Ribli] (23)}) (9... d5 {Ribli} 10. Nxc6 bxc6 11. Be2 Rb8
12. O-O Bxc3 13. bxc3 Bf5 14. cxd5 cxd5 15. c4 {1/2-1/2 Christiansen,
L-Miralles,G/SUI-chT 1996 (34)}) 10. Qxd4 c5 {Mit forcierten Zügen bekommen
wir eine ungefähr gleiche Endspielstellung.} 11. Qd1 (11. Qd3 g5 12. Bg3 Ne4
$13) (11. Bxf6 $4 cxd4 12. Bxd8 dxc3 13. bxc3 Ba3 $19 {[%cal Ra3c1,Re8d8]})
11... g5 {Schwarz schwächt seine Königstellung, befreit sich aber von der
Fesselung des f6-Springers und bekommt so aktive Gegenchancen im Zentrum.} 12.
Bg3 d5 13. cxd5 Qxd5 14. Qxd5 (14. Qa4 Rd8 $36) 14... Nxd5 {[%cal Gb4e1]} 15.
Bb5 Rd8 16. h4 {Weiss nutzt seine Chance und provoziert eine weitere
Schwächung des schwarzen Königsflügels.} (16. Ke2 Nxc3+ 17. bxc3 Ba3 18. Rb1
Be6 19. Bd3 b6 20. h4 g4 $11) 16... g4 (16... Kg7 17. hxg5 hxg5 18. e4 $1 Nxc3
19. Be5+ f6 20. Bxc3 {1-0 Zvjaginsev,V-Chernin,A/Portoroz 1997/Inf 70/
[Zvjaginsev,V] (51)}) (16... Bg4 17. f3 Bd7 18. Bxd7 $6 Rxd7 19. hxg5 Bxc3+ 20.
bxc3 Nxe3 {1/2-1/2 Gelfand,B-Korchnoi,V/Groningen 1996/Inf 68/[Gelfand,B] (31)}
) (16... Nxc3 17. bxc3 Ba3 18. Rd1 (18. Rb1 $2 Bf5 $17) 18... Rxd1+ (18... Be6
19. hxg5 $16) 19. Kxd1 g4 20. Kc2 $16) 17. Ke2 Nxc3+ 18. bxc3 Ba5 {Dieser
Läuferzug ist sicherer,als die Alternative. Beide Spieler haben strukturelle
Schwächen, aber Weiss entfaltet etwas Initiative. Anderseits kann Schwarz
seine Schwächen gut verteidigen.} (18... Ba3 19. Rb1 Be6 $13) 19. Bc4 {[%csl
Gc4]} Bd7 {[%cal Gd7c6,Gc6h1]} 20. h5 {Ein typischer Zug. Weiss gewinnt Raum
und der g4-Bauer wird eine dauerhafte Schwäche.} Kg7 21. e4 (21. Bd5 $2 Bb5+
22. c4 Rxd5 23. cxb5 Rd2+ $17) 21... Re8 22. f3 (22. Bd5 Rad8 {[%csl Re2][%cal
Ge8e2]} 23. Rhd1 (23. Bxb7 Bc8 24. Bxc8 $8 Rxe4+ 25. Kf1 Rxc8 $15 {[%csl Rf1]})
23... Ba4 24. Rd3 c4 $15) 22... Bc6 $11 {[%cal Ge8e2] Schwarz hat genügendes
Gegenspiel, denn der weisse König steht nicht gut in der Mitte. Schwarz nimmt 
(noch) nicht auf f3, denn nach gxf3 bekommt Weiss Angriffsmöglichkeiten in der
g-Linie.} 23. Rhd1 Rad8 24. Rxd8 Rxd8 25. Be5+ f6 (25... Kf8 $11) 26. Bf4 {
[%csl Gc4,Gf4] Die weissen Läufer sind etwas aktiver als ihre Gegenüber, aber
es droht nichts.} Re8 27. Kf2 Rd8 {Schwarz möchte die Zügen wiederholen.} 28.
fxg4 $5 (28. Be6 Rd3 $132 (28... gxf3 29. gxf3 $40 {[%cal Rc1g1,Rg1g7]})) 28...
b5 $1 (28... Bxe4 $2 29. Re1 Bc6 (29... Re8 30. Bd5 Bxd5 31. Rxe8 $16) 30. Re7+
$18) 29. Bd5 (29. Be6 Bxe4 $11) (29. Bf1 Re8 $11 (29... Bxe4 30. Bxb5 $16))
29... Bxd5 30. exd5 Rxd5 31. c4 $1 {Weiss muss sich von seiner Bauernschwäche
c3 befreien.} Rd4 $5 {[%csl Gd4][%cal Rd4c4,Rd4g4]} (31... bxc4 32. Rxc4 $11)
32. Be3 (32. Kf3 $2 Rxf4+ 33. Kxf4 Bd2+ $19 {[%cal Rd2c1,Rd2f4]}) 32... Rxg4
33. cxb5 Ra4 {Schwarz hat seine Bauern auf schwarzen Feldern, aber auch Weiss
hat Schwächen.} 34. Rc2 (34. Bxc5 Rxa2+ 35. Kf3 Rb2 $11) 34... Bb6 35. Bxc5 (
35. Kf3 c4 $11) 35... Bxc5+ 36. Rxc5 Rxa2+ {Weiss hat die etwas aktivere
Stellung, aber mit normalen Zügen wahrt Schwarz das Gleichgewicht.} 37. Kf3 Kf7
{Schwarz aktiviert den König.} 38. g4 (38. Rc7+ Ke6 39. Rh7 Rb2 $11) 38... Ke6
39. Rc7 Ra3+ (39... f5 $2 40. Rc6+ Kf7 (40... Ke5 $6 41. Rc5+ $16) 41. gxf5 $16
) 40. Kf4 Ra4+ 41. Kg3 Ra5 (41... Rb4 $6 42. Rxa7 Rxb5 43. Rh7 $14) 42. Rb7
Ra3+ 43. Kh4 f5 44. b6 (44. gxf5+ Kxf5 $11) 44... fxg4 {Und in gleicher
Stellung wurde hier Remis vereinbart.} (44... axb6 $6 45. Rxb6+ Kf7 46. gxf5
$14 {Weiss hat theoretischen Vorteil, aber bei gutem Spiel muss Schwarz seine
Stellung halten.}) (44... fxg4 45. bxa7 (45. Rxa7 Rb3 46. b7 Kf5 $11 {[%csl
Rh4][%cal Rb3h3,Rh3h4]}) 45... Kf5 {[%csl Rh4][%cal Ra3h3,Rh3h4]} 46. Rf7+ Ke6
$11) 1/2-1/2

[Event "Corus"]
[Site "Wijk aan Zee"]
[Date "2002.01.16"]
[Round "4"]
[White "Gurevich, Mikhail"]
[Black "Bareev, Evgeny"]
[Result "1/2-1/2"]
[WhiteElo "2641"]
[BlackElo "2707"]
[Annotator "Ribli,Z"]
[PlyCount "66"]
[EventDate "2002.01.12"]
[EventType "tourn"]
[EventRounds "13"]
[EventCountry "NED"]
[EventCategory "18"]
[SourceTitle "CBM 087"]
[Source "ChessBase"]
[SourceDate "2002.03.21"]
[SourceVersion "1"]
[SourceVersionDate "2002.03.21"]
[SourceQuality "1"]

1. c4 e5 2. Nc3 Nf6 3. Nf3 Nc6 4. d4 {Dieser Zug wurde seinerzeit von Botvinik
bevorzugt - heutzutage ist hingegen der Zug 4.g3 ist populärer.} exd4 5. Nxd4
Bb4 6. Bg5 h6 7. Bh4 O-O {Dieser Zug ist gut spielbar, aber auch der Abtausch
auf c3 kommt in Betracht.} (7... Bxc3+ 8. bxc3 Ne5) 8. Rc1 Re8 (8... d5 9. Nxc6
bxc6 10. e3 $14) (8... Ne5) 9. e3 (9. Nxc6 bxc6 10. e3 Rb8) 9... Nxd4 {Dieser
Zug kam erstmals in der Partie Gelfand,B - Kortschnoj,V Groningen 1996 aufs
Brett.} (9... g5 10. Bg3 Nxd4 11. Qxd4 c5 12. Qd6 (12. Qd1 $5) 12... Ne4 13.
Qxh6 d5 14. cxd5 Bg4 15. Bc4 Re6 {0-1 Bosch,J-Van der Poel,H/Dieren NED 2001/
(40)}) 10. Qxd4 c5 11. Qd1 (11. Qd6 Re6 $2 (11... g5 12. Bg3 Ne4 $1) 12. Qd1 b6
(12... Qa5) 13. Be2 Bb7 14. O-O Bxc3 15. Rxc3 Qe8 16. Bf3 Bxf3 17. Qxf3 Rd6 18.
Rd1 {1-0 Smirin,I-Almasi,Z/Pula 2000 (27)}) (11. Qd3 g5 12. Bg3 d5) (11. Bxf6
$4 cxd4 12. Bxd8 dxc3 13. bxc3 Ba3 $19) 11... g5 {Dieser Zug schwächt zwar die
schwarze Königsstellung, aber Schwarz kann sich damit von der Fesslung auf der
Diagonale h4-d8 befreien.} 12. Bg3 d5 13. cxd5 Qxd5 $5 (13... Nxd5 14. Bb5 Nxc3
15. bxc3 Qxd1+ 16. Kxd1 Rd8+ 17. Ke2 Ba5 18. h4 g4 19. Bc4 Bd7 20. h5 {1-0
Ftacnik,L-Seirawan,Y/San Francisco 1999/CBM 69 ext (62)}) 14. Qxd5 (14. Qa4 Rd8
$1) 14... Nxd5 15. h4 (15. Bb5 Rd8 16. h4 (16. Ke2 Nxc3+ 17. bxc3 Ba3 18. Rb1
Be6 19. Bd3 b6 20. h4 g4 $11) 16... g4 (16... Nxc3 17. bxc3 Ba3 18. Rd1 $10) (
16... Bg4) (16... Kg7) 17. Ke2 Nxc3+ 18. bxc3 Ba5 (18... Ba3 19. Rb1 Be6 $13)
19. Bc4 Bd7 20. h5 {1/2-1/2 Yermolinsky,A-Rublevsky,S/Las Vegas 1999/CBM 72/
[Ribli] (44)}) (15. a3 Bxc3+ 16. bxc3 Bd7 17. Be2 Bc6 18. O-O Nf4 19. exf4 Rxe2
20. fxg5 hxg5 21. Rfe1 Rae8 22. Rxe2 Rxe2 23. Bb8 a6 24. Ba7 Re5 25. h3 f6 26.
c4 Kf7 27. Rc3 {1/2-1/2 Shariyazdanov,A-Kuporosov,V/Tula 2001/EXT 2002 (27)})
15... Bg4 16. hxg5 (16. Bb5 Red8 (16... Re7 $5 {Das wäre eine Zugumstellung zu
unserer Partie.}) 17. f3 Bd7 18. Bxd7 (18. Bd3 $5) 18... Rxd7 19. e4 (19. hxg5
Bxc3+ 20. bxc3 Nxe3 21. Bf2 Nxg2+ 22. Kf1 Nf4 23. Rxh6 {1/2-1/2 Gelfand,
B-Kortschnoj,V/Groningen 1996/CBM 57/[Gelfand] (31)}) 19... Bxc3+ 20. bxc3 Nf4
21. Bxf4 gxf4 22. Rd1 Rad8 23. Rxd7 Rxd7 24. Ke2 Kg7 25. h5 Rd6 26. Rb1 {
1-0 Kosten,A-Degraeve,J/Belfort 1997/CBM 62/[Hecht] (48)}) 16... hxg5 17. Bb5
Re7 $1 $146 {[%mdl 4] Das ist die (vorbereitete) Neuerung von Bareev. Der Turm
steht auf e7 natürlicher als auf d8.} (17... Red8 {Dieser Zug führt zu
ähnlichen Stellungen wie 16.Bb5 (statt 16.hxg5) Red8.}) 18. f3 a6 (18... Rxe3+
$2 19. Kf2 Bxc3 20. bxc3 Bf5 21. c4 $2 (21. Bc4 Nb6 22. Bxf7+ Kxf7 23. Kxe3 $16
) 21... Bd3 $11) (18... Bd7 $5 19. Bxd7 Rxd7 $11) 19. Bf1 (19. Be2 Rxe3 20. Kf2
Bxc3 21. bxc3 Rae8 $17) 19... Be6 (19... Rxe3+ 20. Kf2 Bxc3 21. bxc3 $16 Rxc3
$2 22. Be5 $18 {[%cal Re5c3,Rh1h8,Rh8g8]}) 20. e4 Nf4 $11 {Die schwarze
Königsstellung ist ein wenig geschwächt, aber ist nicht von großer Bedeutung -
Schwarz hat bequemes Spiel.} (20... Nxc3 21. bxc3 Ba3 22. Be5 (22. Rd1 Kg7 $11)
22... f5 (22... Bh3 23. Bf6 Re6 24. Rxh3 Rxf6 25. Rd1 $14) 23. Rd1 $14) 21. a3
Ba5 22. Bf2 b6 (22... Rc8 23. g3 Ng6 24. Be3 f6 25. Kf2 $14) 23. Be3 (23. g3 $5
Ng6 24. Be3 f6 25. Kf2) 23... Rd7 24. Rd1 (24. g3 Nd3+ 25. Bxd3 Rxd3 $11) 24...
Rad8 {[%cal Gd8d1]} 25. Rxd7 Rxd7 26. Bxf4 (26. g3 Nd3+ 27. Bxd3 Rxd3 $15)
26... gxf4 27. Bxa6 {[%mdl 4096] Nach Vereinfachungen hat Weiß vorübergehend
einen Bauern gewonnen, aber Schwarz bekommt den Bauern schnell zurück.} Bxc3+
28. bxc3 Ra7 {[%cal Ra7a3]} 29. Bb5 Rxa3 30. Kd2 Ra2+ {Schwarz steht etwas
aktiver, aber sein Pf4 ist schwach.} 31. Kd3 Rxg2 32. Rh4 {[%csl Rf4][%cal
Rh4f4]} Rb2 33. Bc4 b5 (33... b5 34. Bxe6 fxe6 35. Rxf4 $11) 1/2-1/2

[Event "Nordic zt"]
[Site "Ostersund"]
[Date "1992.??.??"]
[Round "7"]
[White "Agdestein, Simen"]
[Black "Hjartarson, Johann"]
[Result "1/2-1/2"]
[WhiteElo "2620"]
[BlackElo "2595"]
[Annotator "Ribli,Z"]
[PlyCount "111"]
[EventDate "1992.??.??"]
[EventType "swiss"]
[EventRounds "9"]
[EventCountry "NOR"]
[SourceTitle "CBM 031"]
[Source "ChessBase"]
[SourceDate "1992.12.01"]
[SourceVersion "1"]
[SourceVersionDate "1992.12.01"]
[SourceQuality "1"]

1. c4 {Tisdall} e5 2. Nc3 Nf6 3. Nf3 Nc6 4. e3 Bb4 5. Nd5 e4 6. Ng1 O-O 7. a3
Bd6 8. Ne2 (8. Qc2 Re8 9. Ne2 b5 $1 10. Nxf6+ Qxf6 11. c5 Be5 12. Ng3 Bb7 13.
Be2 Bxg3 14. hxg3 Ne5 $15 {Salov,V-Gelfand,B Linares 1992 CBM/28 54/31}) (8. d3
exd3 9. Bxd3 Ne5 10. Be2 c6 $13 {Petrosian,T-Timman,J Niksic 1983 36/33}) 8...
Nxd5 9. cxd5 Ne5 10. Ng3 f5 11. d3 Nxd3+ (11... Qh4 $5 12. dxe4 fxe4 13. Be2
Nd3+ 14. Bxd3 exd3 15. f4 $2 (15. Qxd3 Bxg3 16. fxg3 Qf6 17. Rf1 Qxf1+ 18. Qxf1
Rxf1+ 19. Kxf1 b6 $10) 15... b6 16. Qxd3 a5 17. Bd2 Ba6 18. Qc2 Qg4 19. Qd1
Rxf4 $1 $17 {Seirawan-Sosonko Tilburg 1983 36/30}) 12. Bxd3 exd3 13. Qxd3 Qf6
14. O-O c5 (14... b6 $1 {Tisdall  was better when ...a5/>>a6 will prevent
white from so easily achieving the attacking formation of the game.}) 15. f4
Bc7 (15... b6 {Tisdall} 16. e4 fxe4 17. Nxe4 Qg6 18. Qf3) 16. Rb1 b5 17. b3 Ba6
18. Bb2 b4 19. Qd2 Qf7 20. Rf3 Bb7 21. Rd1 bxa3 22. Bxa3 (22. Ba1 $5 {Tisdall
tempted white, with the simple idea of 1/4c3, followed by []h5/<<g3 but white
has calmer methods of attack.}) 22... d6 23. e4 fxe4 24. Nxe4 Rae8 25. Ng3 (25.
Ng5 Qf5 $10) 25... Bd8 26. b4 $1 c4 27. b5 Qe7 28. Qc3 Qc7 29. Qb4 Rf6 30. Bb2
Rf7 31. f5 a6 32. Kh1 axb5 (32... Qb6 $1 {Tisdall looks much better.} 33. Qxc4
(33. Nh5 Qxb5 34. Qc3 Re2 (34... Ba5 $5)) 33... Qxb5 {and again black is
kicking.}) 33. Qxb5 Rfe7 (33... Ref8 {Tisdall}) 34. f6 Re1+ (34... gxf6 {
Tisdall is bad but better.}) 35. Rf1 Rxf1+ 36. Rxf1 Rf8 37. fxg7 (37. f7+ {
Tisdall} Kh8 38. Qe8 Be7 39. Nf5) 37... Rxf1+ 38. Nxf1 Qf7 39. Ne3 Bg5 40. Qb6
(40. Nf5 $1 {Tisdall} h6 41. h4) 40... h5 (40... Qf2 {Tisdall} 41. Nxc4 Qf1+
42. Qg1 Qxc4 43. Qe1 Be3 $19) 41. h4 (41. Qxd6 $1 {Tisdall} Qe8 42. Bd4 $1 {
should give white a win;} c3 (42... Bxe3 43. Bxe3 Kxg7 44. Bd4+ Kg8 (44... Kh7
45. Qc7+) 45. Qg3+) 43. Bxc3 Bxe3 44. Bb4 Kxg7 45. Bc3+ Kh7 46. Qc7+ Kg6 47.
Qxb7 $18) 41... Bf6 $1 42. Bxf6 Qxf6 43. Qxb7 Qa1+ 44. Kh2 Qe5+ 45. g3 Qxe3 46.
Qc8+ Kxg7 47. Qc7+ Kg8 48. Qxc4 Qf2+ 49. Kh3 Qf3 50. Qc8+ Kg7 51. Qc7+ Kg8 52.
Qb8+ Kf7 53. Qc7+ Kg8 54. Qd8+ Kh7 55. Qe7+ Kh8 56. Qe8+ 1/2-1/2

[Event "Hoogovens"]
[Site "Wijk aan Zee"]
[Date "1996.01.16"]
[Round "3"]
[White "Van Wely, Loek"]
[Black "Piket, Jeroen"]
[Result "0-1"]
[WhiteElo "2570"]
[BlackElo "2570"]
[Annotator "Ribli,Z"]
[PlyCount "62"]
[EventDate "1996.01.13"]
[EventType "tourn"]
[EventRounds "13"]
[EventCountry "NED"]
[EventCategory "17"]
[SourceTitle "CBM 051"]
[Source "ChessBase"]
[SourceDate "1996.04.01"]
[SourceVersion "1"]
[SourceVersionDate "1996.04.01"]
[SourceQuality "1"]

1. c4 {Ftacnik} e5 2. Nc3 Nf6 3. Nf3 Nc6 4. e3 Bb4 5. Qc2 Bxc3 (5... O-O) 6.
Qxc3 Qe7 7. a3 a5 (7... d5 8. d4 exd4 9. Nxd4 Nxd4 10. Qxd4 c5 11. Qh4 dxc4 12.
Bxc4 O-O 13. O-O Be6 14. b4 $13 {Cramling,D-Sammalvuo,T/Stockholm/1995/EXP49/})
8. b3 (8. d3 d5 9. cxd5 Nxd5 10. Qc2 a4 11. Be2 O-O 12. O-O Nb6 13. Bd2 Rd8 14.
Bc3 Bf5 $13 {Timman,J-Gulko,B/Horgen CS/1995/CBM50/}) 8... O-O $146 (8... d5 9.
d4 (9. cxd5 Nxd5 10. Qb2 O-O 11. d3 Bg4 (11... f5 12. Be2 Kh8 13. O-O Bd7 14.
Qc2 e4 15. dxe4 fxe4 16. Nd2 Rae8 17. Bb2 Rf5 18. Rad1 Rg5 19. Qxe4 Qd8 20. Qc4
b5 21. Qc1 Bh3 22. g3 Bxf1 23. Nxf1 Qd6 24. Bxb5 {1-0 Rodriguez,Ru-Quinteros,M/
Moscow izt (07)/1982}) 12. Be2 f5 13. h3 Bh5 14. O-O f4 15. Nxe5 Bxe2 16. Nxc6
bxc6 17. Qxe2 f3 18. Qb2 fxg2 19. Kxg2 Qg5+ 20. Kh2 Rf3 21. Rg1 Rxh3+ 22. Kxh3
Qxg1 23. f3 Nxe3 {0-1 Grooten,H-Timman,J/NLD-ch/1981/(29)}) 9... exd4 10. Nxd4
Nxd4 (10... Ne5 {Ftacnik} 11. cxd5 Nxd5 12. Qc2 O-O 13. Be2 (13. Bb2 Re8 14.
Qe4 Nf6 15. Qc2 c5 16. Nf3 Ng6 17. Bb5 Bd7 18. Bxd7 Nxd7 19. a4 Nh4 20. Nxh4
Qxh4 21. Qc3 Nf6 22. O-O b6 {1/2-1/2 Cerisier,P-Miralles,G/FRA-ch Epinal (03)/
1986 (29)}) 13... Ng4 (13... Qg5 14. g3 Ng4 15. O-O Qh5 16. h4 Qe5 17. Bc4 c6
18. Nf3 $1 Qf6 19. Ng5 Bf5 20. e4 Bg6 21. h5 $1 Qxa1 22. Bb2 Nde3 23. fxe3 Nxe3
24. Qc3 Qxb2 25. Qxb2 Nxf1 26. hxg6 {1-0 King,D-Miralles,G/Geneve (08)/1990/})
14. h3 (14. O-O $16 Qe5 15. Nf3 $1 Qxa1 16. Bb2 Qa2 17. Ng5 $18 {Nei}) 14...
Ngf6 15. O-O Ne4 16. Bd3 Re8 17. Bb2 h6 18. Rad1 c6 19. Rfe1 Bd7 20. f3 Nc5 21.
Bh7+ Kh8 22. e4 Nf4 23. Bf5 {1-0 Nei,I-Tal,M/Tallinn/1977 (43)}) 11. Qxd4 c5
12. Qb2 (12. Qf4 g5 13. Qxg5 Rg8 14. Qf4 Nh5 15. Qh6 Qe5 16. Qxh7 Qc3+ 17. Kd1
Rg6 18. Rb1 Bf5 19. Rb2 O-O-O $19 {Titz,H-Wittmann,W/Osterreich/1981}) 12...
O-O 13. cxd5 (13. Be2 dxc4 14. bxc4 Ra6 15. O-O Ng4 16. e4 Rg6 17. Bxg4 Bxg4
18. f3 Bh3 19. Rf2 f5 20. Bf4 fxe4 21. Bg3 h5 {1/2-1/2 King,D-Adams,M/BCF-ch
Eastbourne/1990/ (31)}) 13... Nxd5 14. Be2 Bf5 $10 {Olafsson,H-Karpov,An/Malta
olm/1980/INF30,42/} (14... Bf5 {Ftacnik} 15. O-O Rfd8 16. Re1 Nf6 17. f3 Bd3
18. Bd1 b5 19. e4 Nd5 20. Bd2 Nc7 21. Rc1 Ne6 22. Be3 Rac8 23. Be2 h6 24. Qd2
Bxe2 25. Qxe2 {0-1 Olafsson,H-Karpov,An/Malta olm/1980/ (37)})) (8... d6 {
Ftacnik} 9. Bb2 O-O 10. d4 Ne4 11. Qc2 exd4 12. Nxd4 f5 13. Nxc6 bxc6 14. Bd3
Rb8 15. Rb1 Bd7 16. O-O Nc5 17. Bc3 Ra8 18. Rfe1 Qg5 19. f4 Qg6 20. b4 axb4 21.
axb4 Nxd3 22. Qxd3 Be6 {1/2-1/2 Enigl,K-Pils,W/AUT-chT9495/1995/ (40)}) 9. Bb2
Re8 10. d3 (10. d4 {Ftacnik} Ne4 11. Qc2 exd4 12. Nxd4 $14) 10... d5 11. cxd5
Nxd5 12. Qc2 Bg4 13. Be2 Rad8 14. O-O Rd6 $5 {Dieser Zug hat zwei Sinne: 1.
Schwarz will den Druck auf der D-Linie verstaerken. 2. Dieser Turm koennte
einfach bei einem Koenigsangriff ins Spiel kommen. Ftacnik: White has a B pair,
but black pieces can hardly occupy better squares.} 15. Qc4 (15. Rfe1 $5) 15...
Qd7 16. Rac1 Nb6 17. Qc2 (17. Qe4 $4 f5 $19) 17... Rg6 {Droht /\ Bh3} (17...
Bxf3 18. Bxf3 Rxd3 19. Bxc6 (19. Be4 Rd2 20. Bxh7+ Kh8 21. Qe4 Rxb2 22. Qh4 Qe7
23. Qh3 Qe6 24. Bf5+ Qh6 $19) 19... bxc6 20. Rfd1 Rxd1+ 21. Rxd1 Qe6 $15) 18.
Kh1 Rh6 {>< h2} 19. Ng1 {Ftacnik: Van Wely feels rather incoveniently even
though black was not having direct threats.} (19. b4 axb4 20. axb4 Qf5 21. b5
Qh5 $19) 19... Rd8 $5 {>< d3} 20. Rfd1 Rd6 $5 21. Nf3 (21. Bxg4 Qxg4 22. Nf3
Qd7 23. Ne1) 21... Qf5 22. b4 (22. Nh4 $5 Qh5 23. Bxg4 Qxg4 24. Nf3) 22... axb4
23. axb4 Bxf3 24. gxf3 (24. Bxf3 Nxb4 25. Qxc7 Nxd3 26. e4 (26. Rxd3 Qxd3 27.
Bxe5 Qd1+ $1 28. Rxd1 Rxd1+ 29. Bxd1 Rxd1#) 26... Qf4 $1 27. Rxd3 Rxd3 28. Qxb6
Qxc1+ $1 29. Bxc1 Rd1+ 30. Bxd1 Rxd1#) 24... Nd5 25. b5 {Der Partiezug
ermoeglicht eine huebsche Kombination.} Nd4 $1 {[#]} 26. exd4 {Die Ablehnung
des Opfers fuehrt auch zum deutlichen Vorteil fuer Schwarz. Ftacnik: After
this move the final picture will be pleasing to the eyes, black would have
more challeging task after the B capture.} (26. Bxd4 exd4 (26... Rh6 $1 27.
Bxe5 Qxe5 28. f4 Nxf4 29. Qxc7 (29. exf4 {Ftacnik} Qxf4 30. Qxc7 Rxh2+ 31. Kg1
Qxf2#) 29... Qd5+ 30. e4 Qg5 $19) 27. e4 Qh5 (27... Qe5 28. exd5 Rh6 29. Qxc7
$18) 28. f4 Qh4 29. exd5 Rh6 30. Bh5 Qxh5 31. f3 Qxf3+ 32. Qg2 Qxf4 $19) 26...
Rh6 27. Rg1 (27. Bf1 Nf4 {Droht /\ einfach Qh5 ><h2.}) 27... Nf4 $1 {Droht /\
28...Rxh3+ 29.Kxh2 Qh3#} 28. Rg4 (28. Qxc7 $2 Rxh2+ 29. Kxh2 Qh3#) 28... Qh5
29. h4 {[#] Wie spielt jetzt Schwarz weiter?} Qxh4+ $1 {Der letzte Verteidiger
wird beseitigt, dem weissen Koinig ist nicht mehr zu helfen.} 30. Rxh4 Rxh4+
31. Kg1 Rd6 0-1

[Event "Voskresensk"]
[Site "Voskresensk"]
[Date "1992.??.??"]
[Round "?"]
[White "Krasenkow, Michal"]
[Black "Kholmov, Ratmir D"]
[Result "1-0"]
[WhiteElo "2555"]
[BlackElo "2485"]
[Annotator "Ribli,Z"]
[PlyCount "55"]
[EventDate "1992.??.??"]
[EventType "tourn"]
[EventRounds "11"]
[EventCountry "RUS"]
[EventCategory "9"]
[SourceTitle "CBM 031"]
[Source "ChessBase"]
[SourceDate "1992.12.01"]
[SourceVersion "1"]
[SourceVersionDate "1992.12.01"]
[SourceQuality "1"]

1. c4 e5 2. Nc3 Nf6 3. e3 Be7 4. Nf3 Nc6 5. a3 $5 O-O 6. b4 d6 7. Qc2 Bg4 8.
Bb2 Re8 9. Bd3 $5 (9. Be2 Qd7 10. O-O a6 11. Rac1 Bd8 12. Rfd1 (12. d3 $5)
12... e4 13. Ne1 Ne5 $13 {Hansen,Cu-Piket,Je Amsterdam OHRA-B 1990 CBM/20})
9... Bxf3 10. gxf3 g6 11. O-O-O Bf8 12. h4 $36 Bg7 13. Rdg1 a5 14. b5 Ne7 15.
h5 Nxh5 16. Rxh5 $1 gxh5 17. Bxh7+ Kf8 18. f4 $44 Qd7 19. Ne4 Qe6 20. Ng5 Qh6
21. Be4 Reb8 22. Bd5 $1 Nxd5 23. cxd5 Re8 24. fxe5 dxe5 (24... Bxe5 25. Nh7+
Ke7 26. Qxc7# $18) 25. Qf5 Bf6 26. Nh7+ Ke7 27. a4 $1 Rad8 28. Bxe5 1-0